Statistiques concernant Paroles Voici Halloween

Cliquez ici pour prendre le quiz!

Statistiques générales

  • Ce quiz a été pris 34 fois
  • Le résultat moyen est 258 sur 356

Statistiques - réponses

HintRéponse% Correct
32 | 82 | 101 | +4 othersde
96%
25 | 27 | 36 | +24 othershalloween
96%
8 | 50 | 195 | 314l
96%
64 | 72 | 158 | +7 othersle
96%
319t
96%
55 | 134 | 166 | +4 othersa
91%
34 | 37 | 40 | +15 othersc'est
91%
171s
91%
35 | 38 | 88 | +6 othersca
87%
98 | 102 | 124 | +16 othersla
87%
11 | 15 | 28 | +4 othersles
87%
24 | 26voici
87%
29 | 104 | 334 | 349citrouilles
83%
9 | 110 | 113 | +6 otherson
83%
168ou
83%
7
83%
278tout
83%
4 | 155 | 201 | 321un
83%
71 | 200 | 268 | 294dans
78%
115 | 135 | 139 | +3 othersdes
78%
84 | 106 | 149 | +3 otherset
78%
58 | 75 | 189 | +5 othersje
78%
59 | 76 | 224me
78%
5 | 280monde
78%
21 | 324notre
78%
14 | 121 | 300pas
78%
144 | 263peur
78%
100 | 178 | 183 | +3 othersville
78%
60 | 77cache
74%
235en
74%
250enfants
74%
132 | 163il
74%
63lit
74%
73 | 150noir
74%
18nous
74%
103 | 347nuit
74%
137 | 207 | 216 | 257qui
74%
266se
74%
61 | 78sous
74%
2 | 142 | 217 | 297vous
74%
105 | 350chantent
70%
108 | 353chauves
70%
13 | 264mais
70%
57 | 74 | 221moi
70%
118 | 298ne
70%
65soir
70%
62 | 79 | 295votre
70%
133 | 247y
70%
16anges
65%
116 | 277betises
65%
81doigts
65%
320 | 330est
65%
6etrange
65%
143faire
65%
114 | 262 | 275fait
65%
258ont
65%
43 | 141pour
65%
204 | 213suis
65%
192tete
65%
33trouille
65%
227une
65%
19venez
65%
20visiter
65%
10aime
61%
127 | 209au
61%
54 | 186 | 312bienvenue
61%
70brillent
61%
85cheveux
61%
23cité
61%
86d'araignées
61%
12démons
61%
52 | 179 | 184 | 310du
61%
80escalier
61%
22magnifique
61%
66 | 68mes
61%
112 | 273plaisante
61%
125 | 283prochaine
61%
253sages
61%
83serpents
61%
109 | 354sourient
61%
17suivez
61%
126 | 284surprise
61%
252trop
61%
3voir
61%
233vos
61%
1voulez
61%
69yeux
61%
251beaucoup
57%
256ceux
57%
53 | 180 | 185 | 311crime
57%
67 | 210dents
57%
267domine
57%
156enfer
57%
169face
57%
162 | 218glace
57%
286 | 318 | 327jack
57%
31mourir
57%
255préfère
57%
122 | 152quelle
57%
260rage
57%
234rêves
57%
326 | 332roi
57%
148rouge
57%
119sait
57%
220sang
57%
232transforme
57%
215vent
57%
30vont
57%
281attends
52%
236cauchemars
52%
271d'halloween
52%
164faut
52%
153horreur
52%
165jouer
52%
228ombre
52%
175ouvert
52%
157 | 160par
52%
167pile
52%
140poubelles
52%
123sera
52%
288squellette
52%
197avant
48%
226comme
48%
199disparaitre
48%
172envoler
48%
159feu
48%
225glisse
48%
136inconnus
48%
291ni
48%
229noire
48%
190perds
48%
285si
48%
138surgissent
48%
174tombeau
48%
196arrache
43%
316epouvantail
43%
202flash
43%
51heure
43%
47minuit
43%
206mort
43%
41normal
43%
193quelquefois
43%
131rue
43%
289sans
43%
48sonne
43%
293surgit
43%
128coin
39%
296dos
39%
315epouvantable
39%
151gélatine
39%
322crack
35%
299ferez
35%
329gargouille
35%
303os
35%
290tambours
35%
292trompettes
35%
302vieux
35%
317bravo
30%
46fripouilles
30%
208mors
30%
325nouveau
30%
44terroriser
30%
323vive
30%

Distribution des résultats

Percentile par nombre de réponses

% des personnes avec chaque résultat

Votre développement - résultats

Vous n’avez pas pris ce quiz